000 01243nam a22002657a 4500
005 20101206113148.0
008 101206t xxu||||| |||| 00| 0 hin d
010 _aHIN-93289
020 _c170.00
_a8188855421
035 _aHN-65635
037 _bDBAD/PUB
040 _aDPL
_bHN
082 _a
100 _924598
_aनिरगुणे, वसन्त
245 _aनिमाड़ी लोककथाएँ:
_cवसन्त निरगुणे
_bमध्य प्रदेश के निमाड़ी अंचल में प्रचलित लोककथाओं का खोजपरक संकलन /
260 _aदिल्ली
_bरचना प्रकाशन
_c2011
270 _bदिल्ली
_a1586/1ई, नवीन शाहदरा
_e110032
300 _a96पृ.
_c22सेमी (सजिल्द)
_bसचित्र
650 _91169
_aलघु कथाएँ, हिन्दी
650 _929580
_aShort Stories, Hindi
700 _924599
700 _924924
942 _2ddc
_cHN
_mनिरगु
_h
999 _c54086
_d54086